| 000 | 00989nam a22002777i 4500 | ||
|---|---|---|---|
| 003 | URS | ||
| 005 | 20240506182803.0 | ||
| 008 | 180515t2019 ph ||||| |||| 00| 0 eng d | ||
| 020 | _a9789712348662 | ||
| 040 |
_erda _cURS _beng _aDLC _dDLC _dURS |
||
| 050 |
_aHF5387 _b.R62 2007 |
||
| 082 |
_2174.4 _bC8187 2019 |
||
| 100 | _aCortez, Granz Giuseppe F. | ||
| 245 |
_aBusiness ethics and social responsibility / _cFranz Giuseppe F. Cortez. |
||
| 264 | 1 |
_a Manila : _b Rex Book Store, _c [2007] |
|
| 300 |
_aviii, 242 pages ; _billustratins ; _c23 cm |
||
| 336 |
_atext _btxt _2rdacontent |
||
| 337 |
_aunmediated _bn _2rdamedia |
||
| 338 |
_avolume _bnc _2rdacarrier |
||
| 504 | _aIncludes bibliographical references (pages 209-222), glossary and index. | ||
| 650 | _aBusiness ethics. | ||
| 650 | _aBusiness ethics--Philippines--Case studies. | ||
| 650 | _a Social responsibility of business. | ||
| 650 | _aSocial responsibility of business--Philippines--Case studies. | ||
| 942 |
_2ddc _cF |
||
| 999 |
_c4406 _d4406 |
||